Подробности
| 000 -МАРКЕР |
| контрольное поле |
01629nam0a2200313 4500 |
| 001 - ИДЕНТИФИКАТОР ЗАПИСИ |
| контрольное поле |
RU\NLR\bibl\1418027 |
| 005 - ИДЕНТИФИКАТОР ВЕРСИИ |
| контрольное поле |
20260407084516.0 |
| 010 ## - МЕЖДУНАРОДНЫЙ СТАНДАРТНЫЙ НОМЕР КНИГИ (ISBN) |
| Номер (ISBN) |
978-5-85921-733-5 |
| Тираж |
300 |
| 021 ## - НОМЕР ГОСУДАРСТВЕННОЙ РЕГИСТРАЦИИ |
| Код страны |
Российская Федерация |
| Номер |
2009-59484 |
| Номер Листа государственной регистраци |
3673 |
| 035 ## - ДРУГИЕ СИСТЕМНЫЕ НОМЕРА |
| Идентификатор записи |
(NLR Aleph) 001409981 |
| 100 ## - ДАННЫЕ ОБЩЕЙ ОБРАБОТКИ |
| Данные общей обработки |
20090930d2009 |||y0rusy50 ca |
| 101 0# - ЯЗЫК РЕСУРСА |
| Язык текста, звукозаписи и т.д. |
русский |
| 102 ## - СТРАНА ПУБЛИКАЦИИ ИЛИ ПРОИЗВОДСТВА |
| Страна публикации |
Российская Федерация |
| 105 ## - ПОЛЕ КОДИРОВАННЫХ ДАННЫХ: ТЕКСТОВЫЕ МАТЕРИАЛЫ, МОНОГРАФИЧЕСКИЕ |
| Кодированные данные о монографическом текстовом документе |
y ||||||||| |
| 200 1# - ЗАГЛАВИЕ И СВЕДЕНИЯ ОБ ОТВЕТСТВЕННОСТИ |
| Основное заглавие |
"Верить, любить беззаветно..." |
| Сведения, относящиеся к заглавию |
юбилейный сборник к 85-летию Екатерины Ивановны Соловьевой |
| Первые сведения об ответственности |
Федер. агентство по образованию, ГОУ ВПО "Новосиб. гос. пед. ун-т" |
| Последующие сведения об ответственности |
[редкол.: д.ист.н., проф. К.Б. Умбрашко (отв. ред.) и др.] |
| 210 ## - ПУБЛИКАЦИЯ, РАСПРОСТРАНЕНИЕ И ДР. |
| Место издания, распространения и т.д. |
Новосибирск |
| Имя издателя, распространителя и т. д. |
Педуниверситет |
| Дата издания, распространения и т.д. |
2009 |
| 215 ## - ФИЗИЧЕСКАЯ ХАРАКТЕРИСТИКА |
| Специфическое обозначение материала и объем |
117 с. |
| Размеры |
21 |
| 600 #1 - ИМЯ ЛИЦА КАК ПРЕДМЕТ |
| Начальный элемент ввода |
Соловьева |
| Часть имени, кроме начального элемента ввода |
Е. И. |
| Даты |
1924 - 2017 |
| Расширение инициалов личного имени |
Екатерина Ивановна |
| Формальный подзаголовок |
Сборники |
| Системный номер авторитетной/нормативной записи |
2413198 |
| Идентификатор авторитетной/нормативной записи |
RU\NLR\auth\661437660 |
| 686 ## - ИНДЕКСЫ ДРУГИХ КЛАССИФИКАЦИЙ |
| Индекс |
Ч489.24(2)7-8Соловьева.я43 |
| 686 ## - ИНДЕКСЫ ДРУГИХ КЛАССИФИКАЦИЙ |
| Индекс |
Т1(2)74-8я43 |
| 702 #1 - ИМЯ ЛИЦА - ВТОРИЧНАЯ ОТВЕТСТВЕННОСТЬ |
| Начальный элемент ввода |
Умбрашко |
| Часть имени, кроме начального элемента ввода |
К. Б. |
| Расширение инициалов личного имени |
Константин Борисович |
| Код отношения |
Редактор |
| 702 #1 - ИМЯ ЛИЦА - ВТОРИЧНАЯ ОТВЕТСТВЕННОСТЬ |
| Код отношения |
Прочие |
| Материалы, к которым относится поле |
rus |
| Графика поля |
Кириллица |
| Начальный элемент ввода |
Соловьева |
| Часть имени, кроме начального элемента ввода |
Е. И. |
| Дополнения к именам, кроме дат |
д-р ист. наук |
| Даты |
1924-2017 |
| Расширение инициалов личного имени |
Екатерина Ивановна |
| Идентификатор авторитетной/нормативной записи |
RU\NLR\auth\77125972 |
| Системный номер авторитетной/нормативной записи |
108896 |
| 712 02 - НАИМЕНОВАНИЕ ОРГАНИЗАЦИИ - ВТОРИЧНАЯ ОТВЕТСТВЕННОСТЬ |
| Код отношения |
Прочие |
| Начальный элемент ввода |
Новосибирский государственный педагогический университет |
| Идентификатор авторитетной/нормативной записи |
RU\NLR\AUTH\8812496 |
| Системный номер авторитетной/нормативной записи |
297761 |
| 801 #0 - ИСТОЧНИК ЗАПИСИ |
| Страна |
Российская Федерация |
| Организация |
NLR |
| Дата составления |
20090930 |
| Правила каталогизации |
RCR |
| 801 #1 - ИСТОЧНИК ЗАПИСИ |
| Страна |
Российская Федерация |
| Организация |
NLR |
| Дата составления |
20090930 |
| 942 ## - ДОПОЛНИТЕЛЬНЫЕ ЭЛЕМЕНТЫ ЗАПИСИ (АБИС) |
| Тип экземпляра АБИС |
Книга |
| 980 ## - КОЛЛЕКЦИЯ |
| Название коллекции |
Национальная библиография |